Application of HEC-2 programme for water surface profile determination of river Digaru at Sonapur, Assam (Record no. 31311)
[ view plain ]
| 000 -LEADER | |
|---|---|
| fixed length control field | 00463nam a22001337a 4500 |
| 008 - FIXED-LENGTH DATA ELEMENTS--GENERAL INFORMATION | |
| fixed length control field | 230517b |||||||| |||| 00| 0 eng d |
| 040 ## - CATALOGING SOURCE | |
| Original cataloging agency | National Science Library |
| Transcribing agency | National Science Library |
| 080 ## - UNIVERSAL DECIMAL CLASSIFICATION NUMBER | |
| Universal Decimal Classification number | 556.51DIGARU |
| Item number | N7 |
| 245 ## - TITLE STATEMENT | |
| Title | Application of HEC-2 programme for water surface profile determination of river Digaru at Sonapur, Assam |
| 260 ## - PUBLICATION, DISTRIBUTION, ETC. | |
| Place of publication, distribution, etc. | Roorkee: |
| Name of publisher, distributor, etc. | National Institute of Hydorlogy, |
| 300 ## - PHYSICAL DESCRIPTION | |
| Extent | iv, 76p. |
| 650 ## - SUBJECT ADDED ENTRY--TOPICAL TERM | |
| Topical term or geographic name entry element | Report |
| 942 ## - ADDED ENTRY ELEMENTS (KOHA) | |
| Source of classification or shelving scheme | Universal Decimal Classification |
| Koha item type | Reports |
| Withdrawn status | Lost status | Source of classification or shelving scheme | Damaged status | Not for loan | Home library | Current library | Shelving location | Date acquired | Total Checkouts | Full call number | Barcode | Date last seen | Price effective from | Koha item type |
|---|---|---|---|---|---|---|---|---|---|---|---|---|---|---|
| Universal Decimal Classification | National Science Library | National Science Library | GF/Rk-10/C-4/R-6 | 30/07/1999 | 556.51DIGARU N7 | 178616 | 17/05/2023 | 30/07/1999 | Reports |